Indian economy: (Record no. 152416)

MARC details
000 -LEADER
fixed length control field 00945nam a22002777a 4500
005 - DATE AND TIME OF LATEST TRANSACTION
control field 20180601143233.0
010 ## - LCCN (DPL NO)
LC control number ENG-104154 Rashtrpati-2
020 ## - INTERNATIONAL STANDARD BOOK NUMBER
International Standard Book Number 9780071329439
Terms of availability 325.00
035 ## - SYSTEM CONTROL NUMBER
System control number EN-87687
037 ## - SOURCE OF ACQUISITION
Source of stock number/acquisition DBAD / PUB
037 ## - SOURCE OF ACQUISITION
Source of stock number/acquisition McGraw Hill Education
082 ## - DEWEY DECIMAL CLASSIFICATION NUMBER
Classification number 330.954
100 ## - MAIN ENTRY--PERSONAL NAME
Personal name Ramesh Singh
245 ## - TITLE STATEMENT
Title Indian economy:
Statement of responsibility, etc by Ramesh Singh
Remainder of title for Civil Services examinations /
250 ## - EDITION STATEMENT
Edition statement 10th ed
260 ## - PUBLICATION, DISTRIBUTION, ETC. (IMPRINT)
Place of publication, distribution, etc New Delhi
Name of publisher, distributor, etc Tata McGraw-Hill
Date of publication, distribution, etc 2011(repr.)
260 ## - PUBLICATION, DISTRIBUTION, ETC. (IMPRINT)
Place of publication, distribution, etc Greater Noida
Name of publisher, distributor, etc Tata McGraw-Hill
Date of publication, distribution, etc 2018
270 ## - ADDRESS
Address 7 West Patel Nagar
City New Delhi
Postal code 110008
270 ## - ADDRESS
Address Plot No26E, Sector-31, (Industrial), Site-IV
City Greater Noida
Postal code 201306
300 ## - PHYSICAL DESCRIPTION
Extent Various pagings
Dimensions 24cm (pbk)
490 ## - SERIES STATEMENT
Series statement Tata McGraw-Hill's winning edge series
500 ## - GENERAL NOTE
General note Rashtrpati-2
650 ## - SUBJECT ADDED ENTRY--TOPICAL TERM
Topical term or geographic name as entry element Economy
Geographic subdivision India
942 ## - ADDED ENTRY ELEMENTS (KOHA)
Source of classification or shelving scheme Dewey Decimal Classification
Item type English Books
Call number suffix SIN
Classification part 330.954
Holdings
Withdrawn status Lost status Not for loan Home library Current library Date acquired Source of acquisition Cost, normal purchase price Full call number Copy number Cost, replacement price Koha item type
      D.B.Act.Division D.B.Act.Division 30/05/2018 EN-87687 395.00 330.954 RAM 01 725.00 English Books

© Delhi Public Library
Hit Counter
free hit counter